[Event "Cheliabinsk Region-ch op"]
[Site "Cheliabinsk"]
[Date "2008.08.12"]
[Round "3"]
[White "Safronov, Sergey"]
[Black "Nikolenko, Vadim"]
[Result "1-0"]
[WhiteElo "2241"]
[BlackElo "2234"]
[PlyCount "107"]
[EventDate "2008.08.03"]
[EventType "swiss"]
[EventRounds "9"]
[EventCountry "RUS"]
[SourceTitle "EXT 2022"]
[Source "ChessBase"]
[SourceDate "2021.10.06"]
[SourceVersion "1"]
[SourceVersionDate "2021.10.06"]
[SourceQuality "1"]

1. c4 f5 2. Nc3 Nf6 3. g3 e6 4. Bg2 Be7 5. Nf3 0-0 6. 0-0 d5 7. d3 c6 8. Qc2 a6 9. a3 Kh8 10. b4 Qe8 11. Bb2 Nbd7 12. Rae1 Qh5 13. cxd5 exd5 14. e4 Nb6 15. e5 Ng4 16. Ne2 Qe8 17. Qd2 a5 18. h3 Nh6 19. Bd4 Na4 20. Ra1 b6 21. Be3 Nf7 22. Nf4 Nd8 23. Rfc1 b5 24. Nd4 Ra6 25. Nxd5 cxd5 26. Rxc8 Qd7 27. Rac1 axb4 28. axb4 Nb6 29. R8c7 Qe8 30. Nxb5 Na8 31. Ra7 Qxb5 32. Rxe7 Nc6 33. Re6 Nc7 34. Rd6 Nxe5 35. Rxc7 Rxd6 36. Bc5 Rdf6 37. Bxf8 Rxf8 38. Qc3 Re8 39. Rc5 Qa4 40. Rxd5 Qd1+ 41. Kh2 Nf3+ 42. Bxf3 Qxf3 43. Qd4 f4 44. Re5 fxg3+ 45. fxg3 Ra8 46. Qb2 Qxd3 47. Re7 Qg6 48. b5 Rc8 49. Re2 Qb6 50. Qc3 Rf8 51. Qc6 Rf2+ 52. Rxf2 Qxf2+ 53. Qg2 Qb6 54. Qa8+ 1-0

[Event "Cheliabinsk Region-ch op"]
[Site "Cheliabinsk"]
[Date "2008.08.10"]
[Round "2"]
[White "Nikolenko, Vadim"]
[Black "Fesenko, Vitaly"]
[Result "1/2-1/2"]
[WhiteElo "2234"]
[BlackElo "2177"]
[PlyCount "24"]
[EventDate "2008.08.03"]
[EventType "swiss"]
[EventRounds "9"]
[EventCountry "RUS"]
[SourceTitle "EXT 2022"]
[Source "ChessBase"]
[SourceDate "2021.10.06"]
[SourceVersion "1"]
[SourceVersionDate "2021.10.06"]
[SourceQuality "1"]

1. d4 Nf6 2. Nf3 g6 3. g3 Bg7 4. Bg2 0-0 5. 0-0 d6 6. c4 Nbd7 7. Nc3 e5 8. e4 exd4 9. Nxd4 Nc5 10. Re1 a5 11. b3 Re8 12. h3 c6 1/2-1/2

[Event "Cheliabinsk Region-ch"]
[Site "Cheliabinsk"]
[Date "2008.03.07"]
[Round "7"]
[White "Efanov, Nikolai Aleksandrov"]
[Black "Nikolenko, Vadim"]
[Result "1/2-1/2"]
[WhiteElo "2346"]
[BlackElo "2232"]
[PlyCount "39"]
[EventDate "2008.03.01"]
[EventType "swiss"]
[EventRounds "9"]
[EventCountry "RUS"]
[SourceTitle "CBM 123 Extra"]
[Source "ChessBase"]
[SourceDate "2008.05.06"]
[SourceVersion "1"]
[SourceVersionDate "2008.05.06"]
[SourceQuality "1"]

1. e4 c5 2. Nf3 d6 3. d4 cxd4 4. Nxd4 Nf6 5. Nc3 Nc6 6. Bg5 e6 7. Qd2 a6 8. 0-0-0 Bd7 9. f4 b5 10. Bxf6 gxf6 11. Kb1 Qb6 12. Nxc6 Bxc6 13. f5 0-0-0 14. Bd3 h5 15. Rhf1 Bh6 16. Qe1 Rdf8 17. Qg3 Qc5 18. h4 Kc7 19. Ne2 Rhg8 20. Qf3 1/2-1/2

[Event "Cheliabinsk Region-ch"]
[Site "Cheliabinsk"]
[Date "2008.03.04"]
[Round "4"]
[White "Konovalov, Vladislav"]
[Black "Nikolenko, Vadim"]
[Result "0-1"]
[WhiteElo "2258"]
[BlackElo "2232"]
[PlyCount "97"]
[EventDate "2008.03.01"]
[EventType "swiss"]
[EventRounds "9"]
[EventCountry "RUS"]
[SourceTitle "CBM 123 Extra"]
[Source "ChessBase"]
[SourceDate "2008.05.06"]
[SourceVersion "1"]
[SourceVersionDate "2008.05.06"]
[SourceQuality "1"]

1. Nf3 Nf6 2. g3 g6 3. Bg2 Bg7 4. 0-0 0-0 5. d4 d5 6. Nbd2 c6 7. Re1 Na6 8. c3 Re8 9. Ne5 c5 10. e4 cxd4 11. cxd4 Be6 12. exd5 Bxd5 13. Ndf3 Rc8 14. a3 Nc7 15. Nd3 b6 16. Nf4 Be4 17. Bh3 e6 18. Be3 Ncd5 19. Ng5 Bc2 20. Qd2 Ne4 21. Nxe4 Bxe4 22. Bg2 Bxg2 23. Nxg2 Qd7 24. Rac1 Rcd8 25. Rcd1 Qa4 26. Nh4 Rd7 27. Nf3 Qb3 28. Qe2 b5 29. Bg5 Rc7 30. Rc1 Rec8 31. Rxc7 Rxc7 32. Rc1 Rxc1+ 33. Bxc1 a5 34. Be3 a4 35. g4 Nb6 36. Ne5 Qd5 37. Qf3 Qxf3 38. Nxf3 Nc4 39. Bc1 Kf8 40. Kf1 Ke7 41. Ke2 Kd6 42. Kd3 Kd5 43. Kc3 h6 44. Kd3 g5 45. h3 Bf6 46. h4 gxh4 47. Bxh6 Nxb2+ 48. Ke3 Nd1+ 49. Ke2 0-1

[Event "Cheliabinsk Region-ch"]
[Site "Cheliabinsk"]
[Date "2008.03.02"]
[Round "2"]
[White "Matveev, Stanislav"]
[Black "Nikolenko, Vadim"]
[Result "1/2-1/2"]
[WhiteElo "2052"]
[BlackElo "2232"]
[PlyCount "52"]
[EventDate "2008.03.01"]
[EventType "swiss"]
[EventRounds "9"]
[EventCountry "RUS"]
[SourceTitle "CBM 123 Extra"]
[Source "ChessBase"]
[SourceDate "2008.05.06"]
[SourceVersion "1"]
[SourceVersionDate "2008.05.06"]
[SourceQuality "1"]

1. e4 c5 2. Nf3 d6 3. d4 cxd4 4. Nxd4 Nf6 5. Nc3 Nc6 6. Bc4 e6 7. Be3 a6 8. Bb3 Bd7 9. Qe2 Qc7 10. f4 Na5 11. g4 Nxb3 12. axb3 Bc6 13. Nxc6 Qxc6 14. Bd4 Nd7 15. f5 Be7 16. 0-0-0 0-0 17. h4 Rfe8 18. fxe6 fxe6 19. g5 b5 20. g6 h6 21. Rdf1 b4 22. Nd1 Rac8 23. Kb1 e5 24. Bg1 Nf6 25. Nf2 Rc7 26. Rh3 a5 1/2-1/2

[Event "Cheliabinsk Region-ch"]
[Site "Cheliabinsk"]
[Date "2008.03.01"]
[Round "1"]
[White "Nikolenko, Vadim"]
[Black "Savushkin, Vladimir"]
[Result "1-0"]
[WhiteElo "2232"]
[BlackElo "2025"]
[PlyCount "53"]
[EventDate "2008.03.01"]
[EventType "swiss"]
[EventRounds "9"]
[EventCountry "RUS"]
[SourceTitle "CBM 123 Extra"]
[Source "ChessBase"]
[SourceDate "2008.05.06"]
[SourceVersion "1"]
[SourceVersionDate "2008.05.06"]
[SourceQuality "1"]

1. e4 e6 2. d4 d5 3. Nd2 dxe4 4. Nxe4 Nf6 5. Nxf6+ gxf6 6. Be3 h5 7. h4 c6 8. Be2 Be7 9. Bxh5 Qa5+ 10. Qd2 Qxh5 11. Nf3 Nd7 12. 0-0-0 Nb6 13. Qe2 Qd5 14. Kb1 a5 15. g4 a4 16. h5 Nc4 17. Bc1 Ra6 18. h6 Qb5 19. Ka1 Rb6 20. Rh5 e5 21. dxe5 Nxe5 22. Qe4 Qb4 23. Rd4 Nxf3 24. Rxb4 Rxb4 25. c4 Ng5 26. Bxg5 fxg5 27. h7 1-0